| 000 | 01457nam a2200385 i 4500 | ||
|---|---|---|---|
| 001 | 47023 | ||
| 003 | KOSZ 005 | ||
| 005 | 20191012091232.0 | ||
| 008 | 990506s1972 pl a f e |000 0 pol | ||
| 015 | _aPB 1972/5458 | ||
| 035 | _a(OCoLC)830224464 | ||
| 040 |
_aWA N _cWA N _dKOSZ 005/EG _dKOSZ 005/RW |
||
| 041 | 1 |
_apol _hrus |
|
| 046 | _k1972 | ||
| 080 | _a53 | ||
| 080 | _a(03) | ||
| 245 | 0 | 0 |
_aEncyklopedia fizyki. _nT. 1, _pA-K / _cautorzy haseł [oryginalnych rosyjskich] : A. A. Abrikosow [et al.], autorzy haseł [polskich] Bogdan Baranowski [et al.] ; [komitet naukowy Jacek Bańkowski [et al.]. |
| 260 |
_aWarszawa : _bPaństwowe Wydawnictw Naukowe, _c1972. |
||
| 300 |
_a926, [2] stron : _bilustracje, mapy, wykresy ; _c25 cm. |
||
| 336 |
_aTekst _btxt _2rdacontent |
||
| 337 |
_aBez urządzenia pośredniczącego _bn _2rdamedia |
||
| 338 |
_aWolumin _bnc _2rdacarrier |
||
| 380 | _aKsiążki. | ||
| 388 | _a1901-2000 | ||
| 504 | _aBibliografia na stronach 913-[927]. | ||
| 650 | 7 | _aFizyka | |
| 655 | 7 | _aEncyklopedia | |
| 658 | _aFizyka i astronomia | ||
| 700 | 1 |
_aBańkowski, Jacek _eRedakcja |
|
| 700 | 1 |
_aAbrikosow, Aleksiej _d(1928-2017) _eAutor |
|
| 700 | 1 |
_aBaranowski, Bogdan _d(1927-2014) _eAutor |
|
| 710 | 2 |
_aPaństwowe Wydawnictwo Naukowe _4pbl. |
|
| 856 |
_uhttp://koha.tu.koszalin.pl/cgi-bin/koha/opac-detail.pl?biblionumber=47023 _yKatalog online BPK |
||
| 942 |
_2UKD _cKS |
||
| 999 |
_c47023 _d47023 |
||